Audit marketingu a cien

Saved in:
Bibliographic Details
Main Author: Oláh, Michal
Other Authors: Rózsa, Zoltán
Format: Book
Language:Slovak
Published: Bratislava Iura Edition 2009
Edition:2. vyd.
Series:Ekonómia
Subjects:
Tags: Add Tag
No Tags, Be the first to tag this record!

MARC

LEADER 00000nam$a2200000$$$4500
001 0111190
005 20220928093709.0
020 |a 978-80-8078-273-3 
041 0 |a slo 
044 |a SK 
245 1 0 |a Audit marketingu a cien  |c Michal Oláh, Zoltán Rózsa 
250 |a 2. vyd. 
264 1 |a Bratislava  |b Iura Edition  |c 2009 
300 |a 87 s. 
490 1 |a Ekonómia 
830 0 |a Ekonómia 
610 2 0 |a audit 
610 2 0 |a marketing 
610 2 0 |a firmy 
610 2 0 |a výkonnosť 
610 2 0 |a metodológia 
610 2 0 |a audítori 
610 2 0 |a etika 
610 2 0 |a manažéri 
100 1 |a Oláh, Michal 
700 1 |a Rózsa, Zoltán